[Event "Skanderborg"]
[Site "Skanderborg"]
[Date "2010.10.20"]
[Round "6"]
[White "Andersen, Jackie"]
[Black "Teplyi, Igor"]
[Result "0-1"]
[WhiteElo "2348"]
[BlackElo "2408"]
[PlyCount "92"]
[EventDate "2010.10.16"]
[EventType "tourn"]
[EventRounds "9"]
[EventCountry "DEN"]
[EventCategory "10"]
[Source "ChessBase"]
[SourceDate "2010.10.29"]

1. e4 c5 2. Nf3 d6 3. c3 Nf6 4. g3 Bd7 5. Qe2 Nc6 6. Bg2 g6 7. O-O Bg7 8. Rd1
O-O 9. h3 e5 10. d4 cxd4 11. cxd4 exd4 12. Nxd4 Nxd4 13. Rxd4 Qc8 14. Nc3 Bxh3
15. Rxd6 Bxg2 16. Kxg2 Re8 17. Qd3 Ng4 18. Bf4 Qc5 19. Rf1 Bxc3 20. bxc3 Qh5
21. Rd7 Qh2+ 22. Kf3 Qh3 23. Rd1 Nh2+ 24. Ke2 Qg2 25. e5 Ng4 26. Qd5 Qxf2+ 27.
Kd3 Nxe5+ 28. Bxe5 Qf5+ 29. Kc4 Rxe5 30. Qxb7 Rc5+ 31. Kb4 a5+ 32. Ka4 Qc2+ 33.
Qb3 Rc4+ 34. Kb5 Qxb3+ 35. axb3 Rxc3 36. Ka4 Rxg3 37. Rf1 Rg4+ 38. Ka3 Rf8 39.
Rd5 Rg3 40. Ka4 h5 41. Rxa5 h4 42. b4 h3 43. b5 Rg4+ 44. Kb3 Rb8 45. Kc3 h2 46.
Rh1 Rh4 0-1

[Event "Skanderborg"]
[Site "Skanderborg"]
[Date "2010.10.23"]
[Round "9"]
[White "Andersen, Jackie"]
[Black "Miton, Kamil"]
[Result "1/2-1/2"]
[WhiteElo "2348"]
[BlackElo "2629"]
[PlyCount "70"]
[EventDate "2010.10.16"]
[EventType "tourn"]
[EventRounds "9"]
[EventCountry "DEN"]
[EventCategory "10"]
[Source "ChessBase"]
[SourceDate "2010.10.29"]

1. d4 Nf6 2. Nf3 g6 3. c4 Bg7 4. Nc3 O-O 5. Bg5 d6 6. e3 c6 7. Be2 Nbd7 8. Qc2
Qc7 9. O-O b6 10. Rfd1 Bb7 11. Rac1 a6 12. a3 Rfe8 13. h3 e5 14. b4 exd4 15.
exd4 c5 16. Nd5 Nxd5 17. cxd5 Rac8 18. dxc5 bxc5 19. Be3 Nf6 20. Qb3 Qb6 21.
Rb1 Rxe3 22. Qxe3 Nxd5 23. bxc5 Nxe3 24. Rxb6 Nxd1 25. Rxb7 Rxc5 26. Bxa6 Rc1
27. Rd7 Bb2 28. Bb7 Ne3+ 29. Kh2 Nf1+ 30. Kg1 Ne3+ 31. Kh2 Nf1+ 32. Kg1 Bxa3
33. g4 Nd2+ 34. Kg2 Nxf3 35. Bxf3 Rc5 1/2-1/2

[Event "Skanderborg"]
[Site "Skanderborg"]
[Date "2010.10.22"]
[Round "8"]
[White "Berg, Klaus"]
[Black "Pedersen, Nicolai Vesterbaek"]
[Result "1/2-1/2"]
[WhiteElo "2417"]
[BlackElo "2436"]
[PlyCount "40"]
[EventDate "2010.10.16"]
[EventType "tourn"]
[EventRounds "9"]
[EventCountry "DEN"]
[EventCategory "10"]
[Source "ChessBase"]
[SourceDate "2010.10.29"]

1. c4 e6 2. Nc3 d5 3. cxd5 exd5 4. d4 c6 5. Nf3 Bf5 6. Bg5 Be7 7. Bxe7 Qxe7 8.
e3 Nf6 9. Bd3 Bxd3 10. Qxd3 Nbd7 11. O-O O-O 12. Nd2 a5 13. Rac1 a4 14. a3 Nb6
15. Ne2 Rfe8 16. Qc3 Nc8 17. Nf4 Nd6 18. Qb4 Nfe4 19. Nxe4 Nxe4 20. Qxe7 Rxe7
1/2-1/2

[Event "Skanderborg"]
[Site "Skanderborg"]
[Date "2010.10.19"]
[Round "5"]
[White "Berg, Klaus"]
[Black "Brunello, Sabino"]
[Result "1-0"]
[WhiteElo "2417"]
[BlackElo "2497"]
[PlyCount "57"]
[EventDate "2010.10.16"]
[EventType "tourn"]
[EventRounds "9"]
[EventCountry "DEN"]
[EventCategory "10"]
[Source "ChessBase"]
[SourceDate "2010.10.29"]

1. d4 Nf6 2. Nf3 e6 3. e3 b6 4. Bd3 Bb7 5. O-O Be7 6. c4 O-O 7. Nc3 d5 8. b3
Nbd7 9. Bb2 c5 10. cxd5 exd5 11. Rc1 Qb8 12. Re1 Rd8 13. Qc2 g6 14. dxc5 bxc5
15. e4 d4 16. Na4 Ng4 17. Qe2 Bc6 18. Ba3 Bxa4 19. bxa4 Nge5 20. Bb5 Nxf3+ 21.
Qxf3 Ne5 22. Qg3 a6 23. Bxc5 axb5 24. Bxe7 Re8 25. Bf6 Rxa4 26. Qh4 Qd6 27.
Rcd1 d3 28. Re3 Rxa2 29. Qxh7+ 1-0

[Event "Skanderborg"]
[Site "Skanderborg"]
[Date "2010.10.20"]
[Round "6"]
[White "Berg, Klaus"]
[Black "Danielsen, Henrik"]
[Result "1-0"]
[WhiteElo "2417"]
[BlackElo "2529"]
[PlyCount "65"]
[EventDate "2010.10.16"]
[EventType "tourn"]
[EventRounds "9"]
[EventCountry "DEN"]
[EventCategory "10"]
[Source "ChessBase"]
[SourceDate "2010.10.29"]

1. d4 Nf6 2. c4 g6 3. Nc3 c5 4. d5 d6 5. e4 Bg7 6. f3 O-O 7. Bg5 Nbd7 8. Nh3 a6
9. a4 Qa5 10. Nf2 Re8 11. Be2 e6 12. O-O exd5 13. cxd5 Qb4 14. Qc2 Ne5 15. a5
c4 16. Be3 Bd7 17. Ra3 Rac8 18. Rb1 Nh5 19. Na2 Qb5 20. Nd1 Bf5 21. Nac3 Bxe4
22. fxe4 Qd7 23. Bxh5 gxh5 24. Nf2 Rf8 25. Ne2 f5 26. exf5 Rxf5 27. Ng3 Rf6 28.
Nxh5 Rg6 29. Nf4 Rg5 30. Ne6 Rg6 31. Bd4 c3 32. Rxc3 Nf3+ 33. Kh1 1-0

[Event "Skanderborg"]
[Site "Skanderborg"]
[Date "2010.10.22"]
[Round "8"]
[White "Brunello, Sabino"]
[Black "Andersen, Jackie"]
[Result "1-0"]
[WhiteElo "2497"]
[BlackElo "2348"]
[PlyCount "68"]
[EventDate "2010.10.16"]
[EventType "tourn"]
[EventRounds "9"]
[EventCountry "DEN"]
[EventCategory "10"]
[Source "ChessBase"]
[SourceDate "2010.10.29"]

1. e4 g6 2. d4 Nf6 3. e5 Nh5 4. Be2 d6 5. exd6 Qxd6 6. Na3 Bg7 7. c3 Nf6 8. Nc4
Qd8 9. Nf3 Bf5 10. Qb3 Be4 11. Nce5 O-O 12. O-O a5 13. a4 Nc6 14. Rd1 Bd5 15.
c4 Be4 16. Nxc6 Bxc6 17. d5 Bd7 18. Qxb7 Ne4 19. Qb3 Nc5 20. Qe3 Nxa4 21. Ne5
Bxe5 22. Qxe5 Rb8 23. Qe3 Nxb2 24. Rd4 a4 25. Qd2 a3 26. Rxa3 Na4 27. Rh4 f6
28. Rxh7 Rf7 29. Rh6 Rg7 30. Qc2 Qe8 31. Bd3 f5 32. c5 Bb5 33. Bxb5 Qxb5 34.
Rxa4 Ra8 1-0

[Event "Skanderborg"]
[Site "Skanderborg"]
[Date "2010.10.20"]
[Round "6"]
[White "Brunello, Sabino"]
[Black "Petkov, Vladimir"]
[Result "1/2-1/2"]
[WhiteElo "2497"]
[BlackElo "2513"]
[PlyCount "81"]
[EventDate "2010.10.16"]
[EventType "tourn"]
[EventRounds "9"]
[EventCountry "DEN"]
[EventCategory "10"]
[Source "ChessBase"]
[SourceDate "2010.10.29"]

1. d4 Nf6 2. c4 e6 3. g3 d5 4. Nf3 dxc4 5. Bg2 Nc6 6. O-O Rb8 7. Nc3 b5 8. Ne5
Nxe5 9. dxe5 Nd7 10. Qd4 Bb7 11. Bxb7 Rxb7 12. Rd1 c6 13. a4 b4 14. Ne4 Be7 15.
Nd6+ Bxd6 16. exd6 O-O 17. Qxc4 c5 18. e4 Qc8 19. b3 Qc6 20. Bb2 Nb6 21. Qe2 f6
22. Rac1 Nd7 23. f4 Kh8 24. e5 f5 25. Qc4 Re8 26. Bd4 Rbb8 27. Bxc5 Rbc8 28.
Bxa7 Qb7 29. Qd4 Rc3 30. Rxc3 bxc3 31. b4 Ra8 32. Bc5 c2 33. Rc1 Rxa4 34. Rxc2
h6 35. Qd2 Qe4 36. Kf2 Qh1 37. Qc1 Qxh2+ 38. Kf3 Qh3 39. Kf2 Qh2+ 40. Kf3 Qh3
41. Kf2 1/2-1/2

[Event "Skanderborg"]
[Site "Skanderborg"]
[Date "2010.10.21"]
[Round "7"]
[White "Danielsen, Henrik"]
[Black "Brunello, Sabino"]
[Result "1-0"]
[WhiteElo "2529"]
[BlackElo "2497"]
[PlyCount "67"]
[EventDate "2010.10.16"]
[EventType "tourn"]
[EventRounds "9"]
[EventCountry "DEN"]
[EventCategory "10"]
[Source "ChessBase"]
[SourceDate "2010.10.29"]

1. g3 Nf6 2. Bg2 d5 3. Nf3 c6 4. O-O Bg4 5. d4 e6 6. Nbd2 Be7 7. Re1 Nbd7 8. e4
h6 9. e5 Nh7 10. h3 Bh5 11. c3 O-O 12. Nb3 a5 13. Be3 a4 14. Nc1 Ng5 15. Bxg5
hxg5 16. Bf1 Qb6 17. Rb1 g4 18. Nh2 Bg6 19. Bd3 Bxd3 20. Nxd3 gxh3 21. Qh5 c5
22. dxc5 Nxc5 23. Nxc5 Qxc5 24. Ng4 Rad8 25. Nf6+ Bxf6 26. exf6 Rfe8 27. Qg4 g6
28. Re5 h2+ 29. Kg2 Qc6 30. Qf4 d4+ 31. Kxh2 Qd6 32. Rh1 dxc3 33. Qh6 Qf8 34.
Qh4 1-0

[Event "Skanderborg"]
[Site "Skanderborg"]
[Date "2010.10.22"]
[Round "8"]
[White "Danielsen, Henrik"]
[Black "Smith, Axel"]
[Result "1-0"]
[WhiteElo "2529"]
[BlackElo "2445"]
[PlyCount "119"]
[EventDate "2010.10.16"]
[EventType "tourn"]
[EventRounds "9"]
[EventCountry "DEN"]
[EventCategory "10"]
[Source "ChessBase"]
[SourceDate "2010.10.29"]

1. g3 Nf6 2. Bg2 d5 3. Nf3 g6 4. c4 Bg7 5. cxd5 Nxd5 6. O-O c5 7. Nc3 Nc6 8.
Nxd5 Qxd5 9. d3 O-O 10. Be3 Bd7 11. Nd4 Qd6 12. Nxc6 Bxc6 13. Bxc6 Qxc6 14. Rc1
Qd5 15. Qa4 b6 16. Rc2 e5 17. b4 e4 18. bxc5 exd3 19. Rd2 bxc5 20. Rxd3 Qh5 21.
Rd2 Rfe8 22. Qc4 Bd4 23. Bxd4 cxd4 24. Re1 Rad8 25. Rxd4 Rxd4 26. Qxd4 Qa5 27.
Qa1 Qd2 28. e3 Rb8 29. Rd1 Qb2 30. Qxb2 Rxb2 31. a4 Ra2 32. Rd4 h5 33. h3 Kg7
34. Kg2 Kf8 35. Re4 Kg7 36. g4 hxg4 37. hxg4 g5 38. Re5 Rxa4 39. Rxg5+ Kh6 40.
f4 a5 41. Kf3 Ra1 42. Ke4 a4 43. Ra5 a3 44. Kf5 Kg7 45. e4 a2 46. e5 Kh7 47.
Ra7 Kg7 48. Kg5 Kg8 49. Ra6 Kg7 50. Ra8 Kh7 51. f5 Re1 52. Rxa2 Rxe5 53. Kf6
Rb5 54. Kxf7 Kh6 55. Ra6+ Kg5 56. Rg6+ Kf4 57. f6 Rg5 58. Rxg5 Kxg5 59. Kg7
Kxg4 60. f7 1-0

[Event "Skanderborg"]
[Site "Skanderborg"]
[Date "2010.10.20"]
[Round "6"]
[White "Drazic, Sinisa"]
[Black "Smith, Axel"]
[Result "1/2-1/2"]
[WhiteElo "2546"]
[BlackElo "2445"]
[PlyCount "107"]
[EventDate "2010.10.16"]
[EventType "tourn"]
[EventRounds "9"]
[EventCountry "DEN"]
[EventCategory "10"]
[Source "ChessBase"]
[SourceDate "2010.10.29"]

1. d4 Nf6 2. Nc3 d5 3. Bg5 h6 4. Bxf6 exf6 5. e3 c6 6. Bd3 f5 7. h3 h5 8. Qf3
g6 9. Nge2 Nd7 10. Qg3 Nf6 11. f3 Bd6 12. Qh4 Bd7 13. O-O-O Qe7 14. Kb1 O-O-O
15. Rde1 Rde8 16. Nd1 g5 17. Qf2 Ne4 18. fxe4 fxe4 19. Ng3 exd3 20. cxd3 Qe6
21. Rhf1 Bxg3 22. Qxg3 Qg6 23. Kc2 Bf5 24. Nf2 Re7 25. Re2 Rhe8 26. Kd2 Kd7 27.
Rfe1 Re6 28. a3 R6e7 29. h4 g4 30. Rc1 Qh6 31. Nd1 Qd6 32. Qxd6+ Kxd6 33. Nc3
b6 34. g3 Bg6 35. b4 Re6 36. Rf1 R8e7 37. Rf4 f5 38. Rf1 Rb7 39. Rb1 Re8 40.
Ree1 b5 41. Rb3 Ra8 42. Ra1 a5 43. a4 axb4 44. Rxb4 Rba7 45. Ra2 Be8 46. Rbb2
bxa4 47. Rb4 a3 48. Rb3 Bg6 49. Ra1 Bf7 50. Rb6 Kc7 51. Rb3 Kd6 52. Ra2 Bg6 53.
Rb6 Kc7 54. Rb3 1/2-1/2

[Event "Skanderborg"]
[Site "Skanderborg"]
[Date "2010.10.22"]
[Round "8"]
[White "Miton, Kamil"]
[Black "Petkov, Vladimir"]
[Result "1/2-1/2"]
[WhiteElo "2629"]
[BlackElo "2513"]
[PlyCount "98"]
[EventDate "2010.10.16"]
[EventType "tourn"]
[EventRounds "9"]
[EventCountry "DEN"]
[EventCategory "10"]
[Source "ChessBase"]
[SourceDate "2010.10.29"]

1. d4 Nf6 2. c4 e6 3. Nf3 d5 4. Nc3 dxc4 5. e4 Bb4 6. Bg5 c5 7. Bxc4 cxd4 8.
Nxd4 Bxc3+ 9. bxc3 Qa5 10. Nb5 Bd7 11. Nd6+ Ke7 12. Qd2 Bc6 13. O-O Rd8 14.
Rfd1 Nbd7 15. Rab1 Ne5 16. Nxb7 Rxd2 17. Nxa5 Rxd1+ 18. Rxd1 Bxe4 19. Bf1 Rc8
20. c4 Ned7 21. f3 Bg6 22. Bc1 Nc5 23. Ba3 Ke8 24. Rd6 Nfd7 25. Nb3 Bb1 26.
Nxc5 Nxc5 27. Rd2 Bg6 28. Kf2 f6 29. Ke3 Bf7 30. f4 Bg6 31. Rb2 Kd8 32. Rb5 Nd7
33. Ra5 Nb6 34. Kd4 Bf7 35. c5 Nd7 36. Rxa7 e5+ 37. fxe5 fxe5+ 38. Ke3 Rc7 39.
Ra8+ Rc8 40. Ra7 Rc7 41. Ra6 Nxc5 42. Ra8+ Kd7 43. Bb5+ Ke6 44. Bb4 Kf6 45. Ba5
Rb7 46. a4 Bd5 47. Rf8+ Kg6 48. Re8 Bb3 49. Rxe5 Bxa4 1/2-1/2

[Event "Skanderborg"]
[Site "Skanderborg"]
[Date "2010.10.20"]
[Round "6"]
[White "Miton, Kamil"]
[Black "Pedersen, Nicolai Vesterbaek"]
[Result "1/2-1/2"]
[WhiteElo "2629"]
[BlackElo "2436"]
[PlyCount "115"]
[EventDate "2010.10.16"]
[EventType "tourn"]
[EventRounds "9"]
[EventCountry "DEN"]
[EventCategory "10"]
[Source "ChessBase"]
[SourceDate "2010.10.29"]

1. Nf3 Nf6 2. c4 e6 3. g3 d5 4. d4 Bb4+ 5. Bd2 a5 6. Bg2 dxc4 7. O-O O-O 8. Bg5
h6 9. Bxf6 Qxf6 10. Qc2 Nc6 11. a3 Bd6 12. Qxc4 e5 13. d5 Nd4 14. Nxd4 exd4 15.
Nd2 b5 16. Qd3 Bf5 17. Be4 Bh3 18. Rfe1 Rfe8 19. Nf3 Qe7 20. Bf5 Bxf5 21. Qxf5
Qe4 22. Qxe4 Rxe4 23. Kf1 Bc5 24. Rac1 Bb6 25. Rc6 Rd8 26. d6 Rxd6 27. Rxd6
cxd6 28. Rc1 Bc5 29. Ne1 Re7 30. Nd3 Rc7 31. b4 Bb6 32. Rxc7 Bxc7 33. Ke1 g5
34. Kd2 f5 35. Ne1 axb4 36. axb4 d3 37. Kxd3 Kf7 38. Nc2 d5 39. Na3 Bd6 40. Kc3
Be5+ 41. Kc2 h5 42. Nxb5 f4 43. Kd3 fxg3 44. fxg3 h4 45. gxh4 g4 46. Nc3 Ke6
47. e3 Bxh2 48. Ne2 Be5 49. Nd4+ Kf6 50. b5 Kg6 51. Ke2 Kh5 52. Nf5 Bc7 53. Kf2
Bb6 54. Kg3 Bc7+ 55. Kg2 Bb6 56. Kf2 Bd8 57. Kg3 Bc7+ 58. Kg2 1/2-1/2

[Event "Skanderborg"]
[Site "Skanderborg"]
[Date "2010.10.21"]
[Round "7"]
[White "Pedersen, Nicolai Vesterbaek"]
[Black "Drazic, Sinisa"]
[Result "0-1"]
[WhiteElo "2436"]
[BlackElo "2546"]
[PlyCount "112"]
[EventDate "2010.10.16"]
[EventType "tourn"]
[EventRounds "9"]
[EventCountry "DEN"]
[EventCategory "10"]
[Source "ChessBase"]
[SourceDate "2010.10.29"]

1. e4 e5 2. Nf3 Nc6 3. Nc3 Bc5 4. Nxe5 Nxe5 5. d4 Bd6 6. dxe5 Bxe5 7. Bd3 Ne7
8. Bd2 O-O 9. Qh5 Ng6 10. g3 c6 11. f4 Bd4 12. O-O-O d6 13. Ne2 Bc5 14. Rhf1
Qd7 15. Qf3 Qh3 16. f5 Ne5 17. Qh1 Ng4 18. Nf4 Qxh2 19. Qxh2 Nxh2 20. Rh1 Ng4
21. Rh4 Nf2 22. Rf1 Bd4 23. g4 h6 24. c3 Bf6 25. Rh2 Nxd3+ 26. Nxd3 Re8 27. Re1
Bd7 28. Bf4 Bg5 29. Bxg5 hxg5 30. e5 dxe5 31. Nc5 Bc8 32. Reh1 Kf8 33. Rh8+ Ke7
34. Rxe8+ Kxe8 35. Rh8+ Ke7 36. Rg8 b6 37. Ne4 Bb7 38. Rxg7 c5 39. Nxg5 Bd5 40.
Nh7 Bxa2 41. f6+ Ke6 42. Rg5 Rh8 43. Rh5 Rg8 44. g5 Kf5 45. Rh2 Bb3 46. Kd2 a5
47. Ke3 Rh8 48. Rh4 b5 49. Rh5 a4 50. g6+ Kxg6 51. Rg5+ Kxh7 52. Rh5+ Kg8 53.
Rg5+ Kf8 54. Rxe5 Rh6 55. Rxc5 Rxf6 56. Rxb5 Rh6 0-1

[Event "Skanderborg"]
[Site "Skanderborg"]
[Date "2010.10.23"]
[Round "9"]
[White "Pedersen, Nicolai Vesterbaek"]
[Black "Danielsen, Henrik"]
[Result "1-0"]
[WhiteElo "2436"]
[BlackElo "2529"]
[PlyCount "126"]
[EventDate "2010.10.16"]
[EventType "tourn"]
[EventRounds "9"]
[EventCountry "DEN"]
[EventCategory "10"]
[Source "ChessBase"]
[SourceDate "2010.10.29"]

1. d4 d6 2. e4 Nf6 3. Nc3 g6 4. f4 Bg7 5. Nf3 O-O 6. Bd3 Na6 7. O-O c5 8. d5
Bg4 9. h3 Bxf3 10. Rxf3 Nc7 11. a4 a6 12. a5 e6 13. dxe6 Nxe6 14. f5 Nd4 15.
Rf2 Nc6 16. Bg5 h6 17. Be3 Ne5 18. Bf1 Re8 19. Rd2 Bf8 20. fxg6 fxg6 21. Bxc5
dxc5 22. Rxd8 Raxd8 23. Qe2 c4 24. Qf2 Kg7 25. Be2 Nfd7 26. Kh1 Bc5 27. Qg3 Rf8
28. Nd5 Rf2 29. Nf4 Re8 30. Rf1 Rxf1+ 31. Bxf1 Nf6 32. Qe1 g5 33. Nd5 Rf8 34.
Nxf6 Rxf6 35. Be2 Rf4 36. Bxc4 Kf6 37. Bd3 g4 38. hxg4 Rxg4 39. g3 h5 40. Qf1+
Kg7 41. Qf5 Bd6 42. Be2 Rxg3 43. Bxh5 Kh6 44. Qf6+ Kxh5 45. Qxd6 Rg5 46. Qf6
Kh4 47. Qf4+ Kh5 48. Qf6 Kh4 49. b4 Kh5 50. c4 Kh4 51. Qf4+ Kh5 52. Qf6 Ng4 53.
Qf7+ Kh4 54. Qh7+ Kg3 55. Kg1 Nf6 56. Qxb7 Kf3+ 57. Kf1 Nxe4 58. b5 Ke3 59.
Qb6+ Kf3 60. Qd4 Rg6 61. b6 Rh6 62. Qd1+ Kf4 63. Qc1+ Kf3 1-0

[Event "Skanderborg"]
[Site "Skanderborg"]
[Date "2010.10.23"]
[Round "9"]
[White "Petkov, Vladimir"]
[Black "Drazic, Sinisa"]
[Result "1/2-1/2"]
[WhiteElo "2513"]
[BlackElo "2546"]
[PlyCount "25"]
[EventDate "2010.10.16"]
[EventType "tourn"]
[EventRounds "9"]
[EventCountry "DEN"]
[EventCategory "10"]
[Source "ChessBase"]
[SourceDate "2010.10.29"]

1. e4 c5 2. Nf3 d6 3. d4 cxd4 4. Nxd4 Nf6 5. Nc3 g6 6. f3 Bg7 7. Be3 O-O 8. Qd2
Nc6 9. O-O-O Nxd4 10. Bxd4 Be6 11. Kb1 Qb8 12. Nd5 Bxd5 13. exd5 1/2-1/2

[Event "Skanderborg"]
[Site "Skanderborg"]
[Date "2010.10.21"]
[Round "7"]
[White "Petkov, Vladimir"]
[Black "Andersen, Jackie"]
[Result "1/2-1/2"]
[WhiteElo "2513"]
[BlackElo "2348"]
[PlyCount "85"]
[EventDate "2010.10.16"]
[EventType "tourn"]
[EventRounds "9"]
[EventCountry "DEN"]
[EventCategory "10"]
[Source "ChessBase"]
[SourceDate "2010.10.29"]

1. Nf3 g6 2. d4 Bg7 3. e4 d6 4. Bc4 c6 5. Bb3 h6 6. O-O e6 7. Nc3 Ne7 8. Be3
O-O 9. Qd2 Kh7 10. Ne2 Nd7 11. c3 Nf6 12. Bc2 b6 13. h3 Bb7 14. Ng3 c5 15. Rad1
cxd4 16. Bxd4 d5 17. exd5 Bxd5 18. Qf4 Nc6 19. Be5 Nxe5 20. Nxe5 Qb8 21. Rfe1
Nd7 22. Nd3 Nc5 23. Ne5 Nd7 24. Nd3 Nc5 25. Qe3 Nxd3 26. Bxd3 Qb7 27. Be4 Rad8
28. Qf3 Bxe4 29. Nxe4 Qe7 30. Ng3 f5 31. Qc6 e5 32. Nf1 Rf6 33. Qb5 Rfd6 34.
Rxd6 Rxd6 35. Ne3 e4 36. g4 f4 37. Ng2 e3 38. Qf1 Rd2 39. fxe3 fxe3 40. Re2 Qe6
41. Nxe3 Rxe2 42. Qxe2 Qxa2 43. Kf2 1/2-1/2

[Event "Skanderborg"]
[Site "Skanderborg"]
[Date "2010.10.23"]
[Round "9"]
[White "Smith, Axel"]
[Black "Brunello, Sabino"]
[Result "0-1"]
[WhiteElo "2445"]
[BlackElo "2497"]
[PlyCount "58"]
[EventDate "2010.10.16"]
[EventType "tourn"]
[EventRounds "9"]
[EventCountry "DEN"]
[EventCategory "10"]
[Source "ChessBase"]
[SourceDate "2010.10.29"]

1. d4 Nf6 2. c4 e6 3. Nf3 c5 4. d5 exd5 5. cxd5 d6 6. e4 g6 7. Bd3 Bg7 8. h3
O-O 9. Nc3 a6 10. a4 Nbd7 11. O-O Nh5 12. Re1 Ne5 13. Be2 Nxf3+ 14. Bxf3 Qh4
15. Be3 Nf4 16. Bg4 Nxg2 17. Kxg2 f5 18. exf5 gxf5 19. f3 fxg4 20. fxg4 Be5 21.
Ne4 Bf5 22. gxf5 Qxe4+ 23. Qf3 Qxf3+ 24. Kxf3 Rxf5+ 25. Ke4 Rh5 26. Rg1+ Kh8
27. Rg5 Rh4+ 28. Rg4 Rxh3 29. Bxc5 Re8 0-1

[Event "Skanderborg"]
[Site "Skanderborg"]
[Date "2010.10.23"]
[Round "9"]
[White "Teplyi, Igor"]
[Black "Berg, Klaus"]
[Result "1/2-1/2"]
[WhiteElo "2408"]
[BlackElo "2417"]
[PlyCount "155"]
[EventDate "2010.10.16"]
[EventType "tourn"]
[EventRounds "9"]
[EventCountry "DEN"]
[EventCategory "10"]
[Source "ChessBase"]
[SourceDate "2010.10.29"]

1. d4 Nf6 2. c4 g6 3. Nf3 Bg7 4. g3 c5 5. Bg2 cxd4 6. Nxd4 O-O 7. Nc3 Nc6 8.
Nc2 d6 9. O-O Ng4 10. Bd2 Be6 11. b3 Qd7 12. Rc1 h5 13. Nd5 h4 14. Bg5 hxg3 15.
hxg3 f6 16. Bd2 g5 17. Bc3 Kf7 18. f4 Bh6 19. e3 Rg8 20. Qe2 gxf4 21. exf4 Rg6
22. Rcd1 Rag8 23. Ne1 Bf8 24. Nf3 Nh6 25. Be1 Nf5 26. g4 Rxg4 27. Ng5+ R4xg5
28. fxg5 Rxg5 29. Nf4 Ne5 30. Nxe6 Qxe6 31. Qe4 Ng4 32. Qxe6+ Kxe6 33. Rd3 Nge3
34. Rf2 Bh6 35. Re2 Kf7 36. Bd2 Rg3 37. Bxe3 Nxe3 38. Kh1 b6 39. Bd5+ e6 40.
Rh2 Bf4 41. Bc6 Kg6 42. Rh8 Kf5 43. Rd2 Nxc4 44. Rf2 Ne5 45. Bb7 d5 46. Bc8 Nf3
47. Rf1 Ng5 48. Rh6 Rh3+ 49. Rxh3 Nxh3 50. Bxe6+ Kxe6 51. Rf3 Ke5 52. Rxh3 Ke4
53. Kg2 d4 54. Kf1 d3 55. Ke1 f5 56. Rh7 a5 57. Re7+ Kd4 58. Rf7 Ke4 59. Re7+
Be5 60. Re6 f4 61. Rxb6 Bc3+ 62. Kd1 f3 63. Rb8 Be5 64. Rf8 Bf4 65. Re8+ Kf5
66. Rf8+ Kg4 67. Rg8+ Bg5 68. Rf8 d2 69. a3 Bf4 70. Rg8+ Kf5 71. Rf8+ Ke4 72.
Re8+ Kf5 73. Rf8+ Kg4 74. Rg8+ Bg5 75. Rxg5+ Kxg5 76. Kxd2 Kf4 77. Ke1 Ke3 78.
b4 1/2-1/2

[Event "Skanderborg"]
[Site "Skanderborg"]
[Date "2010.10.19"]
[Round "5"]
[White "Teplyi, Igor"]
[Black "Petkov, Vladimir"]
[Result "1/2-1/2"]
[WhiteElo "2408"]
[BlackElo "2513"]
[PlyCount "81"]
[EventDate "2010.10.16"]
[EventType "tourn"]
[EventRounds "9"]
[EventCountry "DEN"]
[EventCategory "10"]
[Source "ChessBase"]
[SourceDate "2010.10.29"]

1. d4 Nf6 2. c4 e6 3. Nf3 d5 4. g3 Bb4+ 5. Bd2 Be7 6. Bg2 O-O 7. O-O c6 8. Qc2
b6 9. Rd1 a5 10. Bf4 Ba6 11. Ne5 Nfd7 12. cxd5 cxd5 13. e4 Nf6 14. exd5 Nxd5
15. Nc3 Bb7 16. Rac1 Ra7 17. Be4 h6 18. Nb5 Nb4 19. Qe2 Bxe4 20. Qxe4 Ra6 21.
a4 Nd5 22. Rc4 Nd7 23. Nc6 N7f6 24. Qf3 Qd7 25. Nb8 Rxb8 26. Bxb8 Ra8 27. Be5
Rd8 28. Rdc1 Ne8 29. h4 g6 30. Bc7 Nexc7 31. Nxc7 Nb4 32. Nb5 Nd5 33. Qe4 Bf6
34. Qc2 Kg7 35. Rc8 Rxc8 36. Qxc8 Qe7 37. h5 gxh5 38. Qc4 h4 39. Re1 hxg3 40.
fxg3 Bg5 41. Qb3 1/2-1/2